Axiologie et métaphysique selon Joaquim Xirau : (Record no. 193717)

MARC details
000 -LEADER
campo de control de longitud fija 01329nam a2200325 i 4500
001 - NÚMERO DE CONTROL
campo de control 193717
003 - IDENTIFICADOR DE NÚMERO DE CONTROL
campo de control SpMaBN
005 - FECHA Y HORA DE LA ÚLTIMA TRANSACCIÓN
campo de control 20240209063131.0
007 - CAMPO FIJO DE DESCRIPCIÓN FÍSICA--INFORMACIÓN GENERAL
campo de control de longitud fija ta
008 - DATOS DE LONGITUD FIJA--INFORMACIÓN GENERAL
campo de control de longitud fija 240207s1976 fr fre
016 7# - NÚMERO DE CONTROL DE UNA AGENCIA BIBLIOGRÁFICA NACIONAL
Número de control del registro bimoBNE19982202950
Número de control cancelado/no válido IND9200398202
Fuente SpMaBN
035 ## - NÚMERO DE CONTROL DEL SISTEMA
Número de control de sistema (OCoLC)431687938
035 ## - NÚMERO DE CONTROL DEL SISTEMA
Número de control de sistema bimo0000973858
040 ## - FUENTE DE CATALOGACIÓN
Centro catalogador/agencia de origen SpMaBN
Lengua de catalogación spa
Centro/agencia transcriptor A2
Centro/agencia modificador ES-MaACL
080 ## - NÚMERO DE LA CLASIFICACIÓN DECIMAL UNIVERSAL
Número de la Clasificación Decimal Universal 1 Xirau Palau, Joaquim
100 1# - ENTRADA PRINCIPAL--NOMBRE DE PERSONA
Nombre de persona Guy, Reine
Número de control del registro de autoridad o número normalizado XX1299414
9 (RLIN) 235089
Término indicativo de función/relación Autor
245 10 - MENCIÓN DEL TÍTULO
Título Axiologie et métaphysique selon Joaquim Xirau :
Resto del título Le personnalisme contemporain de l'Ecole de Barcelone /
Mención de responsabilidad, etc. Préface de Jean-Marc Gabaude...
260 ## - PUBLICACIÓN, DISTRIBUCIÓN, ETC.
Lugar de publicación, distribución, etc. Toulouse :
Nombre del editor, distribuidor, etc. Association des Publications de l'Université de Toulouse-le Mirail,
Fecha de publicación, distribución, etc. 1976.
300 ## - DESCRIPCIÓN FÍSICA
Extensión XII, 309 p., 1 h. ;
Dimensiones 24 cm
336 ## - TIPO DE CONTENIDO
Fuente rdacontent
Término de tipo de contenido texto
337 ## - TIPO DE MEDIO
Fuente rdamedia
Nombre/término del tipo de medio sin mediación
338 ## - TIPO DE SOPORTE
Fuente rdacarrier
Nombre/término del tipo de soporte volumen
490 1# - MENCIÓN DE SERIE
Mención de serie Publications de l'Université de Toulouse-le Mirail. Série A ;
Designación de volumen o secuencia t. 33
600 17 - PUNTO DE ACCESO ADICIONAL DE MATERIA--NOMBRE DE PERSONA
Nombre de persona Xirau, Joaquín
Fechas asociadas al nombre 1895-1946
Subdivisión general Crítica e interpretación
Fuente del encabezamiento o término embne
9 (RLIN) 235090
830 ## - PUNTO DE ACCESO ADICIONAL DE SERIE-TÍTULO UNIFORME
Título uniforme Publications de l'Université de Toulouse-le Mirail.
Número de parte o sección de la obra Série A
9 (RLIN) 235091
Designación de volumen o secuencia 33
852 ## - LOCALIZACIÓN
Ubicación ES-MaACL
Ubicación en estantería Depósito 2
Número de control de estantería A-15102
itemnumber 201251
942 ## - ELEMENTOS DE ENTRADA SECUNDARIOS (KOHA)
Suprimir en OPAC No
Tipo de ítem Koha Libro impreso
Holdings
Estatus retirado Estado de pérdida Fuente del sistema de clasificación o colocación Estado de daño No para préstamo Biblioteca de origen Biblioteca actual Ubicación en estantería Fecha de adquisición Total de préstamos Signatura topográfica completa Código de barras Visto por última vez Precio de reemplazo Tipo de ítem Koha
    Clasificación decimal universal     Biblioteca del Ateneo de Madrid Biblioteca del Ateneo de Madrid Depósito 2 07/02/2024   A-15102 101206696 07/02/2024 07/02/2024 Libro impreso